[Event "Mumbai Wealth U13 op 5th"]
[Site "Mumbai"]
[Date "2020.01.07"]
[Round "9"]
[White "Krishnan, Ritvik"]
[Black "Manghnani, Meet"]
[Result "1-0"]
[WhiteElo "1742"]
[BlackElo "1115"]
[PlyCount "69"]
[EventDate "2019.12.30"]
[EventType "swiss"]
[EventRounds "9"]
[EventCountry "IND"]
[SourceTitle "CBM 194 Extra"]
[Source "ChessBase"]
[SourceDate "2020.03.31"]
[SourceVersion "1"]
[SourceVersionDate "2020.03.31"]
[SourceQuality "1"]

1. e4 c5 2. Nf3 d6 3. d4 cxd4 4. Nxd4 Nf6 5. Nc3 a6 6. h3 e5 7. Nde2 Be6 8. g4 d5 9. exd5 Nxd5 10. Bg2 Bb4 11. 0-0 Bxc3 12. Nxc3 Nxc3 13. Qxd8+ Kxd8 14. bxc3 Nc6 15. f4 exf4 16. Bxf4 Ke7 17. Rab1 Nd8 18. Bxb7 Nxb7 19. Rxb7+ Ke8 20. Bg5 Bxa2 21. Be7 h5 22. g5 f6 23. Re1 Rg8 24. Bxf6+ Kf8 25. Be7+ Kf7 26. Bc5+ Kg6 27. Rb6+ Kxg5 28. Re5+ Kf4 29. Bd6 Kf3 30. Rb4 Rge8 31. Rf5+ Ke2 32. Rf2+ Kd1 33. Rd4+ Kc1 34. Ba3+ Kb1 35. Rd1# 1-0

[Event "Mumbai Wealth U13 op 5th"]
[Site "Mumbai"]
[Date "2020.01.05"]
[Round "7"]
[White "Tikam, Aradhya"]
[Black "Manghnani, Meet"]
[Result "0-1"]
[WhiteElo "1446"]
[BlackElo "1115"]
[PlyCount "116"]
[EventDate "2019.12.30"]
[EventType "swiss"]
[EventRounds "9"]
[EventCountry "IND"]
[SourceTitle "CBM 194 Extra"]
[Source "ChessBase"]
[SourceDate "2020.03.31"]
[SourceVersion "1"]
[SourceVersionDate "2020.03.31"]
[SourceQuality "1"]

1. e4 c5 2. c3 Nf6 3. Qe2 d6 4. g3 Nc6 5. Bg2 e5 6. d3 Be6 7. Bg5 Be7 8. Nd2 Rc8 9. Ngf3 Qc7 10. Bxf6 Bxf6 11. 0-0 0-0 12. Kh1 g6 13. Ng1 Bg7 14. f4 exf4 15. gxf4 Rce8 16. Qf3 f5 17. Nh3 Kh8 18. Ng5 Bg8 19. Qh3 Qc8 20. Qh4 Bf6 21. Bh3 Ne7 22. Ndf3 Bxg5 23. Nxg5 Qc6 24. Bg2 Qc7 25. Rae1 b5 26. Rf3 Qc8 27. Rff1 Qc7 28. Rf3 Nc8 29. Rg1 Qe7 30. Rh3 Nb6 31. Qg3 Qg7 32. Nf3 fxe4 33. dxe4 Rf7 34. Nh4 Rf6 35. Bf3 Bf7 36. f5 Rg8 37. Qf2 Qf8 38. Rhg3 Qe8 39. Qd2 Nd7 40. fxg6 Bxg6 41. Nf5 Ne5 42. Bh5 Nc4 43. Qg2 Ne5 44. Qd2 Nc4 45. Qg2 Ne5 46. Rg5 a5 47. Qh3 Rgf8 48. Qh4 Qe6 49. Bxg6 Rxg6 50. Qh5 Rxg5 51. Rxg5 Ng6 52. Rg4 d5 53. Qh6 Rg8 54. Qe3 Re8 55. Ng3 Qxg4 56. Qxc5 Qd1+ 57. Kg2 Nf4+ 58. Kf2 Nd3+ 0-1

[Event "Mumbai Wealth U13 op 5th"]
[Site "Mumbai"]
[Date "2020.01.02"]
[Round "4"]
[White "Manghnani, Meet"]
[Black "Pachchigar, Aahana"]
[Result "0-1"]
[WhiteElo "1115"]
[BlackElo "1361"]
[PlyCount "160"]
[EventDate "2019.12.30"]
[EventType "swiss"]
[EventRounds "9"]
[EventCountry "IND"]
[SourceTitle "CBM 194 Extra"]
[Source "ChessBase"]
[SourceDate "2020.03.31"]
[SourceVersion "1"]
[SourceVersionDate "2020.03.31"]
[SourceQuality "1"]

1. e4 Nf6 2. e5 Nd5 3. c4 Nb6 4. d4 d6 5. exd6 exd6 6. Nc3 Be7 7. Nf3 Bg4 8. Be2 Nc6 9. 0-0 0-0 10. b3 Bf6 11. Be3 d5 12. c5 Nc8 13. h3 Bh5 14. Rc1 Re8 15. Re1 a6 16. a3 h6 17. Nh2 Bxe2 18. Nxe2 N8e7 19. Ng3 Bh4 20. Nhf1 Qd7 21. b4 Ng6 22. Qf3 Bf6 23. Nf5 Re6 24. Red1 Rae8 25. Rb1 Nce7 26. N1g3 Nh4 27. Nxh4 Bxh4 28. Nf5 Rf6 29. Nxe7+ Rxe7 30. Qg4 Qxg4 31. hxg4 Re4 32. g5 Bxg5 33. Bxg5 hxg5 34. b5 Re2 35. f3 Ra2 36. Rd3 Re6 37. g4 axb5 38. Kf1 c6 39. Rdb3 Ree2 40. Rd3 Rh2 41. Kg1 Rag2+ 42. Kf1 Rd2 43. Rxd2 Rxd2 44. Rb4 Rd3 45. a4 bxa4 46. Rxa4 Rxf3+ 47. Kg2 Rb3 48. Ra8+ Kh7 49. Rf8 Kg6 50. Rd8 Rd3 51. Rd6+ f6 52. Rd7 Rxd4 53. Kf3 Rc4 54. Rxb7 Rxc5 55. Rc7 Rc4 56. Rc8 c5 57. Rd8 d4 58. Rd5 Rc3+ 59. Kf2 d3 60. Ke3 c4 61. Rd4 Rc2 62. Rd7 d2 63. Rxd2 Rxd2 64. Kxd2 f5 65. gxf5+ Kxf5 66. Kc3 Kf4 67. Kxc4 g4 68. Kd3 Kf3 69. Kd4 g3 70. Ke5 g2 71. Ke6 g1Q 72. Kf7 Qd4 73. Kg8 g5 74. Kh7 Qf6 75. Kg8 g4 76. Kh7 g3 77. Kg8 g2 78. Kh7 Qg5 79. Kh8 g1R 80. Kh7 Rh1# 0-1